NBA STARTERS 2024-2025 - Statistics

General Stats
  • This quiz has been taken 142 times
    133 since last reset
  • The average score is 125 of 150
Answer Stats
Hint Group Answer % Correct
C 76ers Joel Embiid/Guerschon Yabusele
100%
PG 76ers Tyrese Maxey
99%
SG Timberwolves Anthony Edwards
98%
PG Grizzlies Ja Morant
98%
PG Jazz Keyonte George
98%
PF 76ers Paul George
98%
PF Mavericks Anthony Davis
95%
SF Rockets Dillon Brooks/Amen Thompson
95%
PF Bucks Giannis Antetokounmpo
95%
PG Clippers James Harden
95%
PF Grizzlies Jaren Jackson Jr.
95%
C Knicks Karl-Anthony Towns
95%
PF Clippers Kawhi Leonard
95%
SF Lakers LeBron James
95%
PG Lakers Luka Doncic
95%
PF Heat Bam Adebayo
94%
C Bucks Brook Lopez
94%
SG Bulls Coby White
94%
SG Celtics Derrick White
94%
C Warriors Draymond Green
94%
PG Knicks Jalen Brunson
94%
SG Rockets Jalen Green
94%
SF Celtics Jaylen Brown
94%
PF Celtics Jayson Tatum
94%
C Celtics Kristaps Porzingis
94%
SG Knicks Mikal Bridges
94%
PF Hornets Miles Bridges
94%
PG Hawks Trae Young
94%
SG Lakers Austin Reaves
93%
PG Bucks Damian Lillard
93%
C Trail Blazers DeAndre Ayton/Robert Williams III
93%
SG Grizzlies Desmond Bane
93%
C Clippers Ivica Zubac
93%
SG Hornets Josh Green/Nick Smith Jr.
93%
PF Knicks Josh Hart
93%
PG Celtics Jrue Holiday
93%
C Hornets Mark Williams
93%
PG Thunder Shai Gilgeous-Alexander
93%
PG Pacers Tyrese Haliburton
93%
SF Nets Ziaire Williams
93%
PG Pistons Cade Cunningham
91%
SG Suns Devin Booker
91%
SG Cavaliers Donovan Mitchell
91%
SF Magic Franz Wagner
91%
C Pistons Jalen Duren
91%
SF Thunder Jalen Williams
91%
PG Bulls Josh Giddey
91%
PG Hornets LaMelo Ball
91%
C Bulls Nikola Vucevic
91%
PF Magic Paolo Banchero
91%
SF Pistons Ausar Thompson/Tim Hardaway Jr.
90%
PG Heat Davion Mitchell
90%
PF Cavaliers Evan Mobley
90%
C Thunder Isaiah Hartenstein
90%
PF Spurs Jeremy Sochan/Harrison Barnes
90%
PG Mavericks Kyrie Irving
90%
C Pacers Myles Turner
90%
PF Pacers Pascal Siakam
90%
SG Heat Tyler Herro
90%
C Spurs Victor Wembanyama
90%
C Rockets Alperen Sengun
89%
PF Thunder Chet Holmgren
89%
PG Cavaliers Darius Garland
89%
SG Pelicans Dejounte Murray
89%
SF Kings DeMar DeRozan
89%
C Kings Domantis Sabonis
89%
PG Nuggets Jamal Murray
89%
C Cavaliers Jarrett Allen
89%
PF Suns Kevin Durant
89%
SG Mavericks Klay Thompson
89%
C Nuggets Nikola Jokic
89%
SF Knicks OG Anunoby
89%
C Timberwolves Rudy Gobert
89%
PF Raptors Scottie Barnes
89%
PG Warriors Steph Curry
89%
PF Nets Cameron Johnson
88%
C Hawks Clint Capela/Onyeka Okongwu
88%
PF Kings Keegan Murray
88%
SF Bucks Kyle Kuzma
88%
SG Thunder Lu Dort/Alex Caruso
88%
SG Kings Zach Lavine
88%
PF Pelicans Zion Williamson
88%
SG Pacers Andrew Nembhard
87%
PF Hawks Jalen Johnson
87%
SF Spurs Keldon Johnson
87%
SF Nuggets Michael Porter Jr.
87%
C Jazz Walker Kessler
87%
C Grizzlies Zach Edey
87%
SF Pacers Benedict Mathurin/Aaron Nesmith
85%
PG Rockets Fred VanVleet
85%
PF Warriors Jimmy Butler
85%
PF Timberwolves Julius Randle
85%
PF Nuggets Aaron Gordon
84%
SF Heat Andrew Wiggins
84%
PG Spurs Chris Paul
83%
SF Pelicans Herb Jones
83%
PG Timberwolves Mike Conley
83%
PF Lakers Rui Hachimura
83%
PG Trail Blazers Scoot Henderson/Anfernee Simons
83%
SG Nuggets Christian Braun
82%
C Mavericks Dereck Lively II/Daniel Gafford
82%
PF Pistons Tobias Harris
82%
PG Suns Tyus Jones
82%
SF Cavaliers DeAndre Hunter/Max Strus
80%
SG Spurs Devin Vassell/Stephon Castle
80%
SF Timberwolves Jaden McDaniels
80%
PG Wizards Jordan Poole
80%
C Nets Nic Claxton
80%
SG Nets Cameron Thomas
79%
SG Hawks Dyson Daniels
79%
PG Magic Jalen Suggs
79%
C Lakers Jaxson Hayes
79%
SG Raptors R.J. Barrett/Gradey Dick
78%
SG Magic Kentavious Caldwell-Pope
77%
C Magic Wendell Carter Jr./Goga Bitadze
77%
C Wizards Alex Sarr
76%
SF Suns Bradley Beal
76%
SF Clippers Norman Powell
76%
SG Warriors Brandin Podziemski
74%
PF Rockets Jabari Smith Jr./Tari Eason
74%
SF Wizards Khris Middleton
74%
SF Mavericks P.J. Washington
74%
SF Raptors Brandon Ingram
73%
SF Hornets Brandon Miller
73%
PG Pelicans C.J. McCollum
72%
SG Pistons Jaden Ivey
71%
SF 76ers Kelly Oubre Jr.
71%
PG Nets D'Angelo Russell
70%
PG Raptors Immanuel Quickley
70%
C Heat Kel'el Ware
70%
SF Warriors Moses Moody/Buddy Hield
70%
SG Jazz Collin Sexton
67%
PF Trail Blazers Deni Avdija
67%
C Raptors Jakob Poeltl
67%
PF Jazz John Collins
66%
SG Clippers Kris Dunn
66%
SF Hawks Zaccharie Risacher
63%
PG Kings Malik Monk
61%
PF Bulls Matas Buzelis
60%
SG Trail Blazers Shaedon Sharpe
59%
SG Bucks Gary Trent Jr.
57%
C Pelicans Yves Missi
54%
SG 76ers Quentin Grimes
51%
SF Grizzlies Jaylen Wells
49%
SF Bulls Kevin Huerter
48%
SF Jazz Lauri Markannen
45%
SF Trail Blazers Toumani Camara
45%
PF Wizards Bilal Coulibaly
44%
SG Wizards Carlton Carrington/Malcolm Brogdon
43%
C Suns Nick Richards
43%
No matching quizzes found
Score Distribution
Percent of People with Each Score
Percentile by Number Answered
Your Score History
You have not taken this quiz since the last reset